|
|
|
|
| LEADER |
00000nam0a2200000 4500 |
| 001 |
288069 |
| 005 |
20231102000042.0 |
| 035 |
|
|
|a (RuTPU)RU\TPU\book\312517
|
| 090 |
|
|
|a 288069
|
| 100 |
|
|
|a 20150321d1978 k y0rusy50 ca
|
| 101 |
0 |
|
|a rus
|
| 102 |
|
|
|a RU
|
| 105 |
|
|
|a a z 001zy
|
| 200 |
1 |
|
|a Философские аспекты синтеза понятий в технике и биологии
|e (на примере теории надежности)
|f А. К. Астафьев
|g Ленинградский государственный университет (ЛГУ)
|
| 210 |
|
|
|a Ленинград
|c Изд-во Ленинградского ун-та
|d 1978
|
| 215 |
|
|
|a 103 с.
|c ил.
|
| 320 |
|
|
|a Библиогр.: с. 95-102.
|
| 606 |
1 |
|
|a Биология
|x Философские проблемы
|2 stltpush
|3 (RuTPU)RU\TPU\subj\28714
|9 52217
|
| 610 |
1 |
|
|a техника
|
| 610 |
1 |
|
|a биология
|
| 610 |
1 |
|
|a понятия
|
| 610 |
1 |
|
|a синтез
|
| 610 |
1 |
|
|a взаимосвязь
|
| 610 |
1 |
|
|a теория надежности
|
| 610 |
1 |
|
|a живые системы
|
| 610 |
1 |
|
|a восстанавливаемость
|
| 610 |
1 |
|
|a целостность
|
| 610 |
1 |
|
|a эволюция
|
| 675 |
|
|
|a 57:1
|v 3
|
| 700 |
|
1 |
|a Астафьев
|b А. К.
|g Анатолий Константинович
|
| 712 |
0 |
2 |
|a Ленинградский государственный университет (ЛГУ)
|c (1924-1991)
|2 stltpush
|3 (RuTPU)RU\TPU\col\77
|
| 801 |
|
1 |
|a RU
|b 63413507
|c 20150321
|
| 801 |
|
2 |
|a RU
|b 63413507
|c 20180212
|g RCR
|
| 942 |
|
|
|c BK
|